[Event "CZE-ch Betsys Online Blitz"]
[Site "Chess.com INT"]
[Date "2021.04.17"]
[Round "8"]
[White "Mareckova, Martina"]
[Black "Neuman, Petr"]
[Result "1/2-1/2"]
[WhiteElo "2111"]
[BlackElo "2394"]
[PlyCount "101"]
[EventDate "2021.04.17"]
[EventType "swiss (blitz)"]
[EventRounds "13"]
[EventCountry "CZE"]
[SourceTitle "CBM 201 Extra"]
[Source "ChessBase"]
[SourceDate "2021.05.31"]
[SourceVersion "1"]
[SourceVersionDate "2021.05.31"]
[SourceQuality "1"]

1. e4 c5 2. Nc3 d6 3. d3 Nc6 4. g3 g6 5. Bg2 Bg7 6. Be3 e6 7. Qd2 Rb8 8. Nge2 Nd4 9. Nc1 h5 10. Nd1 h4 11. h3 hxg3 12. fxg3 Ne7 13. c3 Ndc6 14. Ne2 b5 15. Nf2 b4 16. 0-0 e5 17. c4 Be6 18. b3 Qd7 19. g4 f5 20. exf5 gxf5 21. gxf5 Nxf5 22. Bg5 Ncd4 23. Nxd4 Nxd4 24. Rae1 Bf5 25. h4 Qe6 26. Ne4 Kd7 27. Qf2 Rbf8 28. Qg3 Bh6 29. Rf2 Bxg5 30. Nxg5 Qh6 31. Be4 Qxh4 32. Qxh4 Rxh4 33. Bxf5+ Rxf5 34. Rxf5 Nxf5 35. Re4 Rxe4 36. Nxe4 a5 37. Kf2 Nd4 38. Ke3 Ke6 39. Ng5+ Ke7 40. Ne4 Nf5+ 41. Kf3 Nd4+ 42. Ke3 Kd7 43. Nf6+ Ke6 44. Ne4 Nf5+ 45. Kf3 Kf7 46. Kg4 Kg6 47. Kf3 Kh5 48. Nf6+ Kg6 49. Ne4 Nd4+ 50. Ke3 Nf5+ 51. Kf3 1/2-1/2

[Event "CZE-ch blitz (Women)"]
[Site "Prague"]
[Date "2019.12.21"]
[Round "7"]
[White "Richtrova, Eliska"]
[Black "Mareckova, Martina"]
[Result "0-1"]
[WhiteElo "2192"]
[BlackElo "2111"]
[PlyCount "80"]
[EventDate "2019.12.21"]
[EventType "swiss (blitz)"]
[EventRounds "15"]
[EventCountry "CZE"]
[SourceTitle "CBM 194 Extra"]
[Source "ChessBase"]
[SourceDate "2020.03.31"]
[SourceVersion "1"]
[SourceVersionDate "2020.03.31"]
[SourceQuality "1"]

1. Nf3 Nf6 2. g3 g6 3. Bg2 Bg7 4. 0-0 d6 5. d3 e5 6. e4 0-0 7. h3 Nc6 8. c3 Ne8 9. d4 Qe7 10. Re1 Bd7 11. Na3 Rd8 12. Nc2 Bc8 13. Qe2 h6 14. b4 Nf6 15. Bb2 Rfe8 16. b5 Na5 17. c4 exd4 18. Nfxd4 Be6 19. Ne3 Nd7 20. Nxe6 fxe6 21. Rac1 Nc5 22. Bxg7 Qxg7 23. Qd2 b6 24. f4 Rf8 25. Ng4 h5 26. Ne3 Qf7 27. Red1 Qg7 28. Qd4 Qxd4 29. Rxd4 Kf7 30. Rd2 Ke7 31. Rf2 Nd3 32. Rcf1 Nxf2 33. Rxf2 Nb7 34. g4 hxg4 35. hxg4 Nc5 36. g5 Nd3 37. Rd2 Nxf4 38. Ng4 Nxg2 39. Kxg2 Rf4 40. Re2 Rxg4+ 0-1

[Event "CZE-ch blitz (Women)"]
[Site "Prague"]
[Date "2019.12.21"]
[Round "3"]
[White "Worek, Joanna"]
[Black "Mareckova, Martina"]
[Result "1-0"]
[WhiteElo "2288"]
[BlackElo "2111"]
[PlyCount "69"]
[EventDate "2019.12.21"]
[EventType "swiss (blitz)"]
[EventRounds "15"]
[EventCountry "CZE"]
[SourceTitle "CBM 194 Extra"]
[Source "ChessBase"]
[SourceDate "2020.03.31"]
[SourceVersion "1"]
[SourceVersionDate "2020.03.31"]
[SourceQuality "1"]

1. e4 e5 2. Nf3 Nc6 3. d4 exd4 4. Nxd4 Qh4 5. Nxc6 Qxe4+ 6. Be3 dxc6 7. Nc3 Qb4 8. Rb1 Bf5 9. Bd3 Bxd3 10. Qxd3 Nf6 11. 0-0 Bd6 12. a3 Qh4 13. g3 Qh3 14. Qe2 0-0 15. Qf3 Ng4 16. Qg2 Qxg2+ 17. Kxg2 Nxe3+ 18. fxe3 Rfe8 19. e4 Be5 20. Nd1 Rad8 21. Rf2 Bd4 22. Re2 f5 23. c3 Bb6 24. e5 Re6 25. Nf2 Rd5 26. Rbe1 Bxf2 27. Kxf2 g6 28. Kf3 Kf7 29. h4 Rd3+ 30. Kf4 h6 31. h5 g5+ 32. Kxf5 Rxg3 33. Rf2 Ke7 34. Rd1 Kf7 35. Ke4+ 1-0

[Event "CZE-chT1E 1920"]
[Site "Czech Republic"]
[Date "2019.11.10"]
[Round "2.4"]
[White "Sosna, Jan"]
[Black "Mareckova, Martina"]
[Result "1-0"]
[WhiteElo "2342"]
[BlackElo "2115"]
[PlyCount "141"]
[EventDate "2019.10.20"]
[EventType "team-tourn"]
[EventRounds "11"]
[EventCountry "CZE"]
[SourceTitle "CBM 193 Extra"]
[Source "ChessBase"]
[SourceDate "2020.01.31"]
[SourceVersion "1"]
[SourceVersionDate "2020.01.31"]
[SourceQuality "1"]
[WhiteTeam "Stare Mesto"]
[BlackTeam "Rychnov nad Kneznou"]
[WhiteTeamCountry "CZE"]
[BlackTeamCountry "CZE"]

1. d4 Nf6 2. Nf3 g6 3. Bg5 Bg7 4. Nbd2 d6 5. e3 0-0 6. Bc4 Nbd7 7. 0-0 e5 8. dxe5 Nxe5 9. Nxe5 dxe5 10. e4 h6 11. Be3 Qe7 12. f3 Rd8 13. c3 Be6 14. Bxe6 Qxe6 15. Qb3 Qxb3 16. axb3 a6 17. Nc4 Ne8 18. Rfd1 Nd6 19. Na5 Bf8 20. Rd5 Re8 21. Bc5 b6 22. Bxd6 Bxd6 23. Nc4 Bc5+ 24. Kf1 f6 25. b4 Bf8 26. Rd7 Re7 27. Rad1 Kf7 28. Ke2 Ke8 29. R7d5 Re6 30. g4 Be7 31. h4 Rc8 32. h5 g5 33. Ne3 c5 34. Nf5 cxb4 35. Ng7+ Kf7 36. Nxe6 Kxe6 37. Kd3 bxc3 38. bxc3 a5 39. Kc2 Rc7 40. Kb2 a4 41. Rb5 Rc6 42. Kc2 Bd6 43. Ra1 a3 44. Rb3 Kd7 45. Kd3 Kc7 46. Ra2 Kb7 47. Rd2 Kc7 48. Kc2 Bc5 49. Rd3 Bd6 50. Rb1 Kd7 51. Rb4 Kc7 52. Ra4 Kb7 53. Rd5 Kb8 54. Kb3 Kb7 55. Rc4 Bc5 56. Rd7+ Kc8 57. Rf7 b5 58. Rxc5 Rxc5 59. Rxf6 a2 60. Kxa2 Rxc3 61. Rxh6 Rxf3 62. Rg6 Kb7 63. Rxg5 Rh3 64. Rxe5 Kb6 65. Rg5 Ka5 66. e5 Ka4 67. e6 b4 68. Re5 Rh2+ 69. Kb1 Rh1+ 70. Kb2 Rh2+ 71. Kc1 1-0

[Event "CZE-ch blitz (Women)"]
[Site "Prague"]
[Date "2018.12.22"]
[Round "14"]
[White "Orsagova, Silvie"]
[Black "Mareckova, Martina"]
[Result "0-1"]
[WhiteElo "2154"]
[BlackElo "2124"]
[PlyCount "165"]
[EventDate "2018.12.22"]
[EventType "swiss (blitz)"]
[EventRounds "15"]
[EventCountry "CZE"]
[SourceTitle "CBM 187 Extra"]
[Source "ChessBase"]
[SourceDate "2018.11.04"]
[SourceVersion "1"]
[SourceVersionDate "2018.11.04"]
[SourceQuality "1"]

1. d4 Nf6 2. Nf3 g6 3. c4 Bg7 4. Bg5 d6 5. e3 Nbd7 6. Nc3 c6 7. Qc2 h6 8. Bh4 e5 9. Be2 Qe7 10. dxe5 Nxe5 11. Nd2 0-0 12. h3 b6 13. Rd1 Bb7 14. 0-0 Qc7 15. Bxf6 Bxf6 16. f4 Nd7 17. Nde4 Be7 18. Rd2 f5 19. Ng3 Rad8 20. Rfd1 Nf6 21. Bf3 Bc8 22. Nge2 Ne8 23. Nd4 Bd7 24. Nce2 Nf6 25. Ng3 a6 26. b4 c5 27. bxc5 dxc5 28. Nde2 Bc6 29. Bxc6 Qxc6 30. Rd3 Rxd3 31. Rxd3 Rd8 32. Rxd8+ Bxd8 33. Qd3 Qd7 34. Qc2 Qe6 35. Kf2 Be7 36. Qa4 a5 37. Qb3 Ne8 38. Nc3 Bd8 39. Nd5 Nf6 40. Nc3 Nd7 41. Qb5 Nf6 42. Qb3 Kg7 43. Qb5 Kg8 44. Qb3 g5 45. Nce2 Bc7 46. Qd3 Ne4+ 47. Nxe4 fxe4 48. Qc3 gxf4 49. Nxf4 Bxf4 50. exf4 e3+ 51. Qxe3 Qxc4 52. Qe8+ Kg7 53. Qe5+ Kg6 54. Qd6+ Kg7 55. Qe7+ Qf7 56. Qe5+ Qf6 57. Qc7+ Kg6 58. Kg3 h5 59. Qc8 Qc3+ 60. Kh2 Qf6 61. Qc7 a4 62. Qb8 c4 63. Qg8+ Kf5 64. Qxc4 Qd6 65. Qf7+ Ke4 66. Qh7+ Kxf4 67. Qxh5 Ke3+ 68. Kh1 b5 69. Qf3+ Kd2 70. Qf2+ Kc3 71. Qe3+ Qd3 72. Qe5+ Qd4 73. Qe1+ Qd2 74. Qa1+ Kb4 75. Qb1+ Ka5 76. h4 Qf4 77. Qe1+ b4 78. h5 Kb5 79. Qe8+ Kc4 80. Qxa4 Qh4+ 81. Kg1 Qe1+ 82. Kh2 Qh4+ 83. Kg1 0-1

[Event "CZE-ch blitz (Women)"]
[Site "Prague"]
[Date "2018.12.22"]
[Round "7"]
[White "Richtrova, Eliska"]
[Black "Mareckova, Martina"]
[Result "1-0"]
[WhiteElo "2172"]
[BlackElo "2124"]
[PlyCount "49"]
[EventDate "2018.12.22"]
[EventType "swiss (blitz)"]
[EventRounds "15"]
[EventCountry "CZE"]
[SourceTitle "CBM 187 Extra"]
[Source "ChessBase"]
[SourceDate "2018.11.04"]
[SourceVersion "1"]
[SourceVersionDate "2018.11.04"]
[SourceQuality "1"]

1. b3 Nf6 2. Bb2 g6 3. e3 Bg7 4. d4 d6 5. f4 c6 6. Nf3 Nbd7 7. Nbd2 Qc7 8. e4 0-0 9. Bd3 a5 10. a4 b6 11. Qe2 Bb7 12. 0-0 Ne8 13. e5 dxe5 14. fxe5 c5 15. e6 Ndf6 16. exf7+ Rxf7 17. Ng5 Nd6 18. Nxf7 Nxf7 19. Nf3 Rd8 20. Bc4 Bd5 21. Rae1 Rd7 22. Ne5 Bxc4 23. Qxc4 Rd5 24. Nxf7 Kxf7 25. Qxd5+ 1-0

[Event "CZE-chT1E 1819"]
[Site "Czech Republic"]
[Date "2018.11.11"]
[Round "2.2"]
[White "Cvek, Robert"]
[Black "Mareckova, Martina"]
[Result "1-0"]
[WhiteElo "2518"]
[BlackElo "2122"]
[PlyCount "123"]
[EventDate "2018.10.21"]
[EventType "team-tourn"]
[EventRounds "11"]
[EventCountry "CZE"]
[SourceTitle "CBM 187 Extra"]
[Source "ChessBase"]
[SourceDate "2018.11.04"]
[SourceVersion "1"]
[SourceVersionDate "2018.11.04"]
[SourceQuality "1"]
[WhiteTeam "Kromeriz"]
[BlackTeam "Rychnov nad Kneznou"]
[WhiteTeamCountry "CZE"]
[BlackTeamCountry "CZE"]

1. Nf3 Nf6 2. c4 g6 3. b3 Bg7 4. Bb2 d6 5. d4 0-0 6. g3 e5 7. dxe5 Ng4 8. Bg2 Nc6 9. h3 Ngxe5 10. Nxe5 dxe5 11. Qxd8 Rxd8 12. Bxc6 bxc6 13. Nc3 h5 14. Na4 f6 15. f3 Kf7 16. e4 Be6 17. Ke2 h4 18. g4 g5 19. Ba3 Rd7 20. Rhd1 Bf8 21. Rxd7+ Bxd7 22. Rd1 Be6 23. Bc5 Bxc5 24. Nxc5 a5 25. Kd3 Ke7 26. Kc3 Bc8 27. Kb2 Ra7 28. Ka3 Ra8 29. Ka4 Ra7 30. Rd3 Ra8 31. Rd2 Ke8 32. a3 Ke7 33. Rd1 Ke8 34. b4 axb4+ 35. Kxb4 Rb8+ 36. Kc3 Ke7 37. a4 Ra8 38. Ra1 Kd6 39. Nb3 Ba6 40. Rd1+ Ke7 41. Na5 c5 42. Nb3 Bb7 43. Nxc5 Bc6 44. Kb4 Rb8+ 45. Ka3 Ra8 46. Rd2 Be8 47. Rd3 Bc6 48. Rd1 Be8 49. Rb1 Ra5 50. Kb4 Ra8 51. Ra1 Rb8+ 52. Kc3 Kd6 53. Nd3 c6 54. a5 Bd7 55. a6 Kc7 56. a7 Ra8 57. Kb4 Kb6 58. Nc5 Bc8 59. Ra2 Kc7 60. Ra3 Kb6 61. Ra5 Kc7 62. Na4 1-0

[Event "CZE-chT2E 1718"]
[Site "Czech Republic"]
[Date "2018.02.25"]
[Round "9.6"]
[White "Tikovsky, Alexander"]
[Black "Mareckova, Martina"]
[Result "1/2-1/2"]
[WhiteElo "2140"]
[BlackElo "2141"]
[PlyCount "141"]
[EventDate "2017.10.15"]
[EventType "team-tourn"]
[EventRounds "11"]
[EventCountry "CZE"]
[SourceTitle "EXT 2022"]
[Source "ChessBase"]
[SourceDate "2021.10.06"]
[SourceVersion "1"]
[SourceVersionDate "2021.10.06"]
[SourceQuality "1"]
[WhiteTeam "Brno Moravska Slavia II"]
[BlackTeam "Jundrov Jezdci"]
[WhiteTeamCountry "CZE"]
[BlackTeamCountry "CZE"]

1. d4 Nf6 2. Bf4 g6 3. e3 Bg7 4. Nf3 d6 5. Be2 Nbd7 6. h3 0-0 7. 0-0 c6 8. c4 Ne4 9. Nbd2 Nxd2 10. Qxd2 e5 11. Bh2 Qe7 12. Rac1 Re8 13. b4 Kh8 14. a4 f5 15. Rfd1 e4 16. Ne1 Nf6 17. Nc2 Be6 18. d5 cxd5 19. Nd4 Bd7 20. b5 dxc4 21. Rxc4 Rac8 22. Qa5 Rxc4 23. Bxc4 d5 24. Bb3 Qc5 25. Qd2 Rc8 26. Qa2 a6 27. Be5 axb5 28. axb5 Qe7 29. Bf4 Qc5 30. Bg5 h6 31. Bf4 Bxb5 32. Ne6 Qe7 33. Nxg7 Kxg7 34. Bxd5 Rd8 35. Bb3 Rxd1+ 36. Bxd1 Bc6 37. Qa1 Kh7 38. Be5 Ne8 39. Qc3 Bd5 40. Ba4 Ng7 41. Qd4 Be6 42. Qb6 Bd5 43. Bf6 Qf7 44. Qd8 Qg8 45. Qa5 Qf7 46. Bd4 Nh5 47. Qd8 Ng7 48. Qb8 Qe7 49. Bb5 Bf7 50. Bc3 Bd5 51. Qa7 Ne6 52. Qa8 Qf8 53. Qa1 Qc5 54. Qb2 Qb6 55. Be5 Bc6 56. Bc4 Qxb2 57. Bxb2 Nc7 58. Be5 Ne8 59. Kf1 g5 60. Bf7 Ng7 61. Ke1 Bd7 62. Bd5 Bc6 63. Bb3 Kg6 64. Kd2 Bb5 65. g3 Bf1 66. h4 gxh4 67. gxh4 Nh5 68. Kc3 Nf6 69. Kd4 Ng4 70. Bg3 Kf6 71. h5 1/2-1/2

[Event "CZE-ch blitz (Women)"]
[Site "Prague"]
[Date "2017.12.30"]
[Round "13"]
[White "Sikorova, Olga"]
[Black "Mareckova, Martina"]
[Result "1-0"]
[WhiteElo "2217"]
[BlackElo "2132"]
[PlyCount "129"]
[EventDate "2017.12.30"]
[EventType "swiss (blitz)"]
[EventRounds "15"]
[EventCountry "CZE"]
[SourceTitle "CBM 182 Extra"]
[Source "ChessBase"]
[SourceDate "2018.02.23"]
[SourceVersion "1"]
[SourceVersionDate "2018.02.23"]
[SourceQuality "1"]

1. c4 Nf6 2. g3 g6 3. Bg2 Bg7 4. Nc3 d6 5. e4 0-0 6. Nge2 e5 7. 0-0 Nc6 8. d3 h6 9. h3 Ne8 10. f4 f5 11. Kh2 Nf6 12. fxe5 dxe5 13. Nd5 Nd4 14. Nxd4 Nxd5 15. exd5 exd4 16. b3 Re8 17. Re1 Bd7 18. Bb2 Qg5 19. Qc1 Rxe1 20. Qxg5 hxg5 21. Rxe1 Re8 22. Rxe8+ Bxe8 23. d6 c6 24. b4 Kf7 25. c5 Ke6 26. Bf3 Be5 27. Kg2 Kd7 28. Bc1 Bf6 29. Kf2 Bf7 30. a3 Bb3 31. Bd2 Bc2 32. Ke2 Bb3 33. Be1 Be6 34. Bf2 Bb3 35. Kd2 Be6 36. Kc2 a6 37. a4 Be5 38. b5 axb5 39. axb5 Bf7 40. bxc6+ bxc6 41. Kb2 Be6 42. Ka3 Bf6 43. Kb4 f4 44. g4 Bd8 45. Bxd4 Bf7 46. Bf2 Be6 47. d4 Bf7 48. Ka4 Be6 49. Be1 Bf7 50. Ba5 Bf6 51. Bc3 Bd8 52. Kb4 Be6 53. Be2 Bf7 54. Ka3 Bf6 55. Kb2 Bd8 56. Kc2 Bf6 57. Kd2 Bd8 58. Kc2 Bd5 59. Bf1 Bf6 60. Kd2 Bg7 61. Bd3 Bf7 62. Be4 Bf6 63. Kd3 Bg7 64. Bf3 Bf6 65. d5 1-0

[Event "EU-ch rapid"]
[Site "Katowice"]
[Date "2017.12.16"]
[Round "4"]
[White "Bielczyk, Jacek"]
[Black "Mareckova, Martina"]
[Result "1-0"]
[WhiteElo "2279"]
[BlackElo "2132"]
[PlyCount "113"]
[EventDate "2017.12.16"]
[EventType "swiss (rapid)"]
[EventRounds "11"]
[EventCountry "POL"]
[SourceTitle "CBM 182 Extra"]
[Source "ChessBase"]
[SourceDate "2018.02.23"]
[SourceVersion "1"]
[SourceVersionDate "2018.02.23"]
[SourceQuality "1"]

1. e4 e5 2. Nf3 Nc6 3. Bc4 Bc5 4. 0-0 d6 5. d3 Nf6 6. c3 Bb6 7. a4 a6 8. Nbd2 0-0 9. h3 Ne7 10. Re1 Ng6 11. Nf1 Be6 12. Bb3 c6 13. d4 Bxb3 14. Qxb3 Qc7 15. Ng3 Rfe8 16. Be3 Ba7 17. Rad1 Nf4 18. Rd2 N4h5 19. Nxh5 Nxh5 20. dxe5 dxe5 21. Bxa7 Rxa7 22. Qd1 Nf6 23. Nh4 Raa8 24. Nf5 Rad8 25. Rxd8 Rxd8 26. Qf3 Qd7 27. Qg3 Ne8 28. Qxe5 f6 29. Qc5 g6 30. Ne3 Qd6 31. Qc4+ Kg7 32. Rd1 Qe7 33. Rxd8 Qxd8 34. Qb3 Qe7 35. f3 Nd6 36. Qb4 Qd7 37. Qd4 Qe7 38. Kf2 Ne8 39. b4 Nc7 40. Nc4 Ne6 41. Qd6 Qxd6 42. Nxd6 b5 43. axb5 axb5 44. Ke3 Kf8 45. f4 Ke7 46. Nb7 Kd7 47. Nc5+ Nxc5 48. bxc5 g5 49. e5 Ke6 50. exf6 gxf4+ 51. Kxf4 Kxf6 52. g4 Ke6 53. g5 Kd5 54. h4 Kc4 55. h5 Kxc3 56. g6 hxg6 57. h6 1-0

[Event "CZE-chT2E 1718"]
[Site "Czech Republic"]
[Date "2017.12.03"]
[Round "4.4"]
[White "Mareckova, Martina"]
[Black "Jelinek, Ota"]
[Result "1/2-1/2"]
[WhiteElo "2141"]
[BlackElo "2179"]
[PlyCount "34"]
[EventDate "2017.10.15"]
[EventType "team-tourn"]
[EventRounds "11"]
[EventCountry "CZE"]
[SourceTitle "EXT 2022"]
[Source "ChessBase"]
[SourceDate "2021.10.06"]
[SourceVersion "1"]
[SourceVersionDate "2021.10.06"]
[SourceQuality "1"]
[WhiteTeam "Jundrov Jezdci"]
[BlackTeam "Brno VSK Univ"]
[WhiteTeamCountry "CZE"]
[BlackTeamCountry "CZE"]

1. e4 e6 2. d3 d5 3. Qe2 dxe4 4. dxe4 e5 5. Nf3 Nc6 6. c3 a5 7. Qc2 Bc5 8. Bc4 Bg4 9. Nbd2 Qe7 10. h3 Bh5 11. g4 Bg6 12. Nf1 Nf6 13. Ng3 Nd7 14. Qe2 Nb6 15. Bb5 0-0 16. Be3 Rad8 17. 0-0 Bd6 1/2-1/2

[Event "CZE-chT1E 1718"]
[Site "Czech Republic"]
[Date "2017.11.26"]
[Round "3.4"]
[White "Mareckova, Martina"]
[Black "Zatloukal, Petr"]
[Result "1/2-1/2"]
[WhiteElo "2141"]
[BlackElo "2065"]
[PlyCount "44"]
[EventDate "2017.10.22"]
[EventType "team-tourn"]
[EventRounds "11"]
[EventCountry "CZE"]
[SourceTitle "EXT 2019"]
[Source "ChessBase"]
[SourceDate "2018.10.10"]
[SourceVersion "1"]
[SourceVersionDate "2018.10.10"]
[SourceQuality "1"]
[WhiteTeam "Rychnov nad Kneznou"]
[BlackTeam "Grygov"]
[WhiteTeamCountry "CZE"]
[BlackTeamCountry "CZE"]

1. e4 c6 2. d4 d5 3. Nd2 dxe4 4. Nxe4 Bf5 5. Ng3 Bg6 6. Nf3 Nf6 7. h4 h6 8. Bd3 Bxd3 9. Qxd3 e6 10. Ne4 Nbd7 11. Bd2 Nxe4 12. Qxe4 Nf6 13. Qe2 Bd6 14. 0-0-0 Qc7 15. Kb1 0-0-0 16. Rhe1 Bf4 17. Bxf4 Qxf4 18. g3 Qf5 19. Ne5 Nd7 20. Qf3 Qxf3 21. Nxf3 Rhe8 22. c3 c5 1/2-1/2

[Event "CZE-chT2E 1617"]
[Site "Czech Republic"]
[Date "2017.02.26"]
[Round "9.1"]
[White "Mareckova, Martina"]
[Black "Mikes, Jan"]
[Result "1-0"]
[WhiteElo "2143"]
[BlackElo "2198"]
[PlyCount "153"]
[EventDate "2016.09.10"]
[EventType "team-tourn"]
[EventRounds "11"]
[EventCountry "CZE"]
[SourceTitle "EXT 2022"]
[Source "ChessBase"]
[SourceDate "2021.10.06"]
[SourceVersion "1"]
[SourceVersionDate "2021.10.06"]
[SourceQuality "1"]
[WhiteTeam "Jundrov Jezdci"]
[BlackTeam "Prusanky Podluzan"]
[WhiteTeamCountry "CZE"]
[BlackTeamCountry "CZE"]

1. e4 c5 2. Nc3 d6 3. d3 Nc6 4. g3 g6 5. Bg2 Bg7 6. Be3 e6 7. Qd2 Nge7 8. Bh6 Bf6 9. Bg5 Bg7 10. Bh6 Bf6 11. Bg5 Bxg5 12. Qxg5 Nd4 13. Qd2 Nec6 14. Nd1 0-0 15. c3 Nb5 16. f4 d5 17. e5 f6 18. exf6 Qxf6 19. Nf3 e5 20. fxe5 Nxe5 21. 0-0 Bh3 22. Qe2 Bxg2 23. Kxg2 Nxf3 24. Rxf3 Rae8 25. Ne3 Qc6 26. a4 Nd6 27. Rxf8+ Rxf8 28. Kg1 d4 29. Ng2 Nf5 30. Re1 Ng7 31. Qe4 Qf6 32. Qf4 Qa6 33. Qe4 Qf6 34. Qf4 Qc6 35. Qe4 Qd7 36. Nf4 Nf5 37. Qe6+ Qxe6 38. Nxe6 Re8 39. Kf2 Ne3 40. Nxc5 Ng4+ 41. Kf1 Nxh2+ 42. Kf2 Ng4+ 43. Kf1 Rf8+ 44. Kg1 Rf3 45. Kg2 Rf2+ 46. Kg1 Rxb2 47. cxd4 Rb4 48. Re7 Rxd4 49. Rxb7 Rd5 50. Rc7 a5 51. Kg2 Nf6 52. Ne6 Rxd3 53. Rg7+ Kh8 54. Rf7 Nd7 55. Re7 Kg8 56. Rg7+ Kh8 57. Re7 h5 58. Nf4 Rd2+ 59. Kf3 Nf6 60. Nxg6+ Kg8 61. Re5 Rd3+ 62. Kg2 Kf7 63. Nf4 Rd2+ 64. Kf3 Ra2 65. Rxa5 Ra3+ 66. Kg2 Ra2+ 67. Kh3 Ke7 68. Re5+ Kf7 69. a5 Ra1 70. Rb5 Ne4 71. Nxh5 Ra2 72. Re5 Nf2+ 73. Kh4 Ra4+ 74. Nf4 Nd3 75. Rf5+ Kg7 76. Kg5 Nf2 77. Ne6+ 1-0

[Event "CZE-chT1E 1617"]
[Site "Czech Republic"]
[Date "2016.12.04"]
[Round "4.4"]
[White "Malik, Jan"]
[Black "Mareckova, Martina"]
[Result "1-0"]
[WhiteElo "2251"]
[BlackElo "2146"]
[PlyCount "67"]
[EventDate "2016.10.16"]
[EventType "team-tourn"]
[EventRounds "11"]
[EventCountry "CZE"]
[SourceTitle "CBM 177 Extra"]
[Source "ChessBase"]
[SourceDate "2017.04.27"]
[SourceVersion "1"]
[SourceVersionDate "2017.04.27"]
[SourceQuality "1"]
[WhiteTeam "Ostrava"]
[BlackTeam "Region Panda"]
[WhiteTeamCountry "CZE"]
[BlackTeamCountry "CZE"]

1. e4 e5 2. Nf3 Nc6 3. Bb5 a6 4. Ba4 d6 5. c3 Bd7 6. d4 g6 7. 0-0 Bg7 8. d5 Nb8 9. c4 Nf6 10. Nc3 0-0 11. Bxd7 Nbxd7 12. Be3 Qe7 13. b4 Ng4 14. Bg5 f6 15. Bd2 f5 16. Ng5 Bh6 17. Ne6 Bxd2 18. Qxd2 Rf7 19. f3 Ngf6 20. exf5 gxf5 21. Qg5+ Kh8 22. Qxf5 Nb6 23. Qd3 c6 24. f4 cxd5 25. cxd5 Rg8 26. Rae1 Nbxd5 27. fxe5 dxe5 28. Rxe5 Nxb4 29. Qf5 Nc6 30. Re2 Qd7 31. Rd1 Qc8 32. Ne4 Ne7 33. Qf2 Qxe6 34. Nd6 1-0

[Event "POL-chT 1st League"]
[Site "Jastrzebia Gora"]
[Date "2015.09.13"]
[Round "9.30"]
[White "Mareckova, Martina"]
[Black "Bartel, Marta"]
[Result "1-0"]
[WhiteElo "2137"]
[BlackElo "2330"]
[PlyCount "83"]
[EventDate "2015.09.05"]
[EventType "team-tourn"]
[EventRounds "9"]
[EventCountry "POL"]
[SourceTitle "EXT 2016"]
[Source "ChessBase"]
[SourceDate "2015.10.08"]
[SourceVersion "1"]
[SourceVersionDate "2015.10.08"]
[SourceQuality "1"]
[WhiteTeam "Pawlowice Gminy"]
[BlackTeam "Miedzyborow Wrzos"]
[WhiteTeamCountry "POL"]
[BlackTeamCountry "POL"]

1. e4 c5 2. Nc3 e6 3. g3 Nc6 4. Bg2 Nf6 5. d3 Be7 6. f4 d5 7. e5 Nd7 8. Nf3 b5 9. 0-0 b4 10. Ne2 0-0 11. c4 bxc3 12. bxc3 Ba6 13. Qc2 Rb8 14. Bd2 Qc7 15. Rab1 Rb6 16. Rfc1 Rfb8 17. h4 Qb7 18. Rxb6 Qxb6 19. Ne1 f5 20. Bf3 c4+ 21. d4 Ba3 22. Rd1 Qa5 23. Rb1 Bb5 24. Bc1 Bxc1 25. Qxc1 Rb6 26. Nc2 Ba4 27. Ne3 g6 28. Rxb6 axb6 29. Qa3 Nd8 30. Qe7 Qa8 31. Nxc4 Bb5 32. Qe8+ Kg7 33. Nd6 Bc6 34. Qe7+ Kg8 35. h5 gxh5 36. Bxh5 Nf8 37. Qg5+ Ng6 38. Bxg6 hxg6 39. Qxg6+ Kf8 40. Qf6+ Kg8 41. g4 fxg4 42. Ng3 1-0

[Event "POL-chT 1st League"]
[Site "Jastrzebia Gora"]
[Date "2015.09.11"]
[Round "7.24"]
[White "Mareckova, Martina"]
[Black "Sosnowska, Elzbieta"]
[Result "1-0"]
[WhiteElo "2137"]
[BlackElo "1862"]
[PlyCount "65"]
[EventDate "2015.09.05"]
[EventType "team-tourn"]
[EventRounds "9"]
[EventCountry "POL"]
[SourceTitle "EXT 2016"]
[Source "ChessBase"]
[SourceDate "2015.10.08"]
[SourceVersion "1"]
[SourceVersionDate "2015.10.08"]
[SourceQuality "1"]
[WhiteTeam "Pawlowice Gminy"]
[BlackTeam "Pultusk Nadnarwianka"]
[WhiteTeamCountry "POL"]
[BlackTeamCountry "POL"]

1. e4 e5 2. Nf3 Nc6 3. Bc4 Bc5 4. d3 Nf6 5. c3 d6 6. Bb3 a6 7. Nbd2 Ba7 8. h3 h6 9. Nf1 Be6 10. Ng3 d5 11. 0-0 0-0 12. Qe2 d4 13. Nh4 Qd7 14. Ngf5 Kh7 15. g4 g5 16. Nf3 Bxf5 17. gxf5 Rg8 18. Nh2 Rad8 19. c4 Qe7 20. Kh1 Bc5 21. a3 b5 22. cxb5 axb5 23. Bd2 Bb6 24. Rac1 Na5 25. Bxa5 Bxa5 26. Rc6 Rd6 27. Rfc1 Rgd8 28. R6c5 Qe8 29. Nf3 Nd7 30. Rxb5 Bb6 31. a4 c6 32. Rb4 Ba5 33. Rb7 1-0

[Event "POL-chT 1st League"]
[Site "Jastrzebia Gora"]
[Date "2015.09.08"]
[Round "4.24"]
[White "Chrzaszcz, Malvina"]
[Black "Mareckova, Martina"]
[Result "0-1"]
[WhiteElo "2039"]
[BlackElo "2137"]
[PlyCount "89"]
[EventDate "2015.09.05"]
[EventType "team-tourn"]
[EventRounds "9"]
[EventCountry "POL"]
[SourceTitle "EXT 2016"]
[Source "ChessBase"]
[SourceDate "2015.10.08"]
[SourceVersion "1"]
[SourceVersionDate "2015.10.08"]
[SourceQuality "1"]
[WhiteTeam "Myslenice"]
[BlackTeam "Pawlowice Gminy"]
[WhiteTeamCountry "POL"]
[BlackTeamCountry "POL"]

1. e4 e5 2. Nf3 Nc6 3. Bb5 a6 4. Ba4 d6 5. 0-0 Bd7 6. c3 g6 7. Re1 Bg7 8. d4 Nge7 9. Be3 0-0 10. Nbd2 Qe8 11. Bb3 Kh8 12. dxe5 dxe5 13. Qe2 Na5 14. Bc2 Bb5 15. Bd3 Rd8 16. Bxb5 Qxb5 17. Qxb5 axb5 18. a4 bxa4 19. Rxa4 b6 20. b4 Nac6 21. b5 Na5 22. Nc4 Nxc4 23. Rxc4 Rd7 24. Ra1 Nc8 25. h3 Nd6 26. Rd1 Rfd8 27. Rc6 Kg8 28. Ra1 Nxb5 29. Bg5 Rd1+ 30. Kh2 Rxa1 31. Bxd8 Ra8 32. Be7 Rc8 33. Nd2 Na7 34. Rc4 f6 35. Ra4 Nb5 36. c4 Nd4 37. c5 b5 38. Ra1 Kf7 39. Bd6 cxd6 40. Ra7+ Kg8 41. cxd6 Rd8 42. d7 Bf8 43. Nb1 Bb4 44. Rc7 Kf7 45. Rc6 0-1